000 00891nam a22002657a 4500
005 20110303122019.0
008 110303t xxu||||| |||| 00| 0 eng d
010 _aENG-102082
020 _a9780070708389
_c215.00
020 _a007070838x
_c215.00
035 _aEN-85615
037 _bDBAD/PUB
040 _aDPL
_bEng
082 _a621
100 _aNag, P.K.
_926401
245 _aBasic mechanical engineering :
_cby P.K.Nag, Kartikeya Tripathi [and] C.B. Pawar
_bBE 203
250 _a3rd ed
260 _aNew Delhi
_bTata McGraw-Hill
_c2011
270 _a7, West Patel Nagar
_bNew Delhi
_e110008
300 _aVarious pagings
_c22 cm (pbk)
700 _aTripathi, Kartikeya
_926402
700 _aPawar, C.B.
_926403
942 _2ddc
_cEN
_mNAG
_h621
999 _c50876
_d50876